Państwa z największą produkcją czekolady - Statystyki

Ogólne statystyki
  • Ten quiz został rozwiązany 42 razy
  • Średni wynik to 13 z 15
Statystyki odpowiedzi
# Odpowiedź % Poprawnych
13 Brazylia
97%
15 Chiny
92%
6 Francja
92%
2 Stany Zjednoczone
92%
4 Niemcy
89%
14 Hiszpania
86%
1 Szwajcaria
86%
3 Belgia
84%
11 Indie
84%
8 Wielka Brytania
84%
5 Włochy
84%
9 Kanada
76%
12 Meksyk
76%
7 Holandia
73%
10 Szwecja
57%
Nie znaleziono quizów pasujących do podanych kryteriów
Rozkład punktacji
Procent ludzi z każdym wynikiem
Percentyl według liczby udzielonych odpowiedzi
Twoja historia wyników
Nie rozwiązałeś tego quizu